Vampire Diaries Characters - Statistics

General Stats
  • This quiz has been taken 1,458 times
  • The average score is 13 of 15
Answer Stats
Hint Answer % Correct
CF Caroline Forbes
100%
DS Damon Salvatore
100%
BB Bonnie Bennett
99%
EG Elena Gilbert
99%
SS Stefan Salvatore
99%
TL Tyler Lockwood
97%
JG Jeremy Gilbert
96%
MD Matt Donovan
91%
NM Niklaus Mikaelson
91%
EM Elijah Mikaelson
86%
RM Rebekah Mikaelson
86%
KM Kol Mikaelson
85%
FM Finn Mikaelson
84%
AS Alaric Saltzman
76%
KP Katerina Petrova
57%
No matching quizzes found
Score Distribution
Percent of People with Each Score
Percentile by Number Answered
Your Score History
You have not taken this quiz